[Event "BUL-chT"]
[Site "Plovdiv"]
[Date "2003.11.06"]
[Round "2"]
[White "Filev, Georgi"]
[Black "Stavrev, Nikolai"]
[Result "0-1"]
[WhiteElo "2102"]
[BlackElo "2313"]
[PlyCount "119"]
[EventDate "2003.11.??"]
[EventType "team"]
[EventRounds "9"]
[EventCountry "BUL"]
[SourceTitle "CBM 097 Extra"]
[Source "ChessBase"]
[SourceDate "2004.01.13"]
[SourceVersion "1"]
[SourceVersionDate "2004.01.13"]
[SourceQuality "1"]

1. e4 c5 2. Nf3 Nc6 3. d4 cxd4 4. Nxd4 Nf6 5. Nc3 g6 6. Be3 Bg7 7. f3 0-0 8. Bc4 Qb6 9. Bb3 Ng4 10. fxg4 Bxd4 11. Bxd4 Qxd4 12. Qxd4 Nxd4 13. Rd1 Nc6 14. 0-0 d6 15. g5 Be6 16. Rd2 Ne5 17. Rd4 Rfc8 18. Bd5 Rab8 19. Rf2 Rc5 20. h3 Rbc8 21. Bb3 Nc6 22. Ra4 Bxb3 23. axb3 Rxg5 24. Nd5 Re5 25. Nc3 Kg7 26. Ra1 a6 27. Raf1 f6 28. g4 Nb4 29. Kg2 b5 30. Ra1 h5 31. Kg3 Rh8 32. Rd1 a5 33. Re2 Rc8 34. Ra1 Nc6 35. Rd1 Rh8 36. Rd5 b4 37. Rxe5 Nxe5 38. Nd5 hxg4 39. hxg4 Kf7 40. c3 Rh1 41. cxb4 axb4 42. Nxb4 Rg1+ 43. Kf2 Rxg4 44. Nd5 e6 45. Nc3 f5 46. b4 Nd3+ 47. Kf3 Nxb4 48. Rh2 Nd3 49. exf5 gxf5 50. Ke3 Ne5 51. Rh7+ Kf6 52. Rh6+ Rg6 53. Rh8 Nc4+ 54. Kd4 Rg4+ 55. Kd3 Nxb2+ 56. Kc2 Nc4 57. Nb5 Ke5 58. Nc7 Rg7 59. Nb5 d5 60. Re8 0-1

[Event "BUL-ch"]
[Site "Dupnitsa"]
[Date "1998.??.??"]
[Round "7"]
[White "Papazov, Ivajlo"]
[Black "Stavrev, Nikolai"]
[Result "1/2-1/2"]
[WhiteElo "2285"]
[BlackElo "2310"]
[PlyCount "66"]
[EventDate "1998.06.??"]
[EventType "tourn"]
[EventRounds "13"]
[EventCountry "BUL"]
[EventCategory "5"]
[SourceTitle "EXT 1999"]
[Source "ChessBase"]
[SourceDate "1998.11.16"]
[SourceVersion "1"]
[SourceVersionDate "1998.11.16"]
[SourceQuality "1"]

1. e4 c5 2. c3 Nf6 3. e5 Nd5 4. d4 cxd4 5. Nf3 e6 6. cxd4 b6 7. Bd2 Ba6 8. Bxa6 Nxa6 9. Nc3 Nac7 10. Ne4 f5 11. exf6 Nxf6 12. Ng3 Bd6 13. 0-0 0-0 14. Bg5 Ncd5 15. Ne5 h6 16. Bd2 Ne7 17. f4 Qc7 18. Qf3 Qc2 19. Bc3 Bxe5 20. Rac1 Qg6 21. dxe5 Nfd5 22. Bd2 Nf5 23. Nxf5 Rxf5 24. g4 h5 25. b3 Raf8 26. Qg3 R5f7 27. Rf2 h4 28. Qxh4 Nxf4 29. Bxf4 Rxf4 30. Rcf1 Rxf2 31. Rxf2 Rc8 32. Qe7 Qe4 33. Qf7+ Kh8 1/2-1/2

[Event "BUL-ch"]
[Site "Dupnitsa"]
[Date "1998.??.??"]
[Round "6"]
[White "Stavrev, Nikolai"]
[Black "Delchev, Aleksander"]
[Result "1-0"]
[WhiteElo "2310"]
[BlackElo "2545"]
[PlyCount "77"]
[EventDate "1998.06.??"]
[EventType "tourn"]
[EventRounds "13"]
[EventCountry "BUL"]
[EventCategory "5"]
[SourceTitle "EXT 1999"]
[Source "ChessBase"]
[SourceDate "1998.11.16"]
[SourceVersion "1"]
[SourceVersionDate "1998.11.16"]
[SourceQuality "1"]

1. e4 c5 2. Nf3 e6 3. Nc3 d6 4. d4 cxd4 5. Nxd4 Nc6 6. Be2 Nf6 7. Be3 Be7 8. f4 0-0 9. 0-0 Bd7 10. Nb3 Qc7 11. Kh1 Rfd8 12. Bf3 Be8 13. Qe1 a6 14. a4 b6 15. Rd1 Rab8 16. g4 d5 17. exd5 Nxd5 18. Nxd5 exd5 19. Qe2 Nb4 20. Nd4 Bxa4 21. Ra1 Bd7 22. c3 Nc6 23. Qxa6 Na5 24. Qe2 Nc4 25. Bg1 Qd6 26. Qg2 Bf6 27. g5 Bxd4 28. Bxd4 Re8 29. Rad1 Bc6 30. Rde1 Qxf4 31. Rxe8+ Rxe8 32. Bh5 Qb8 33. Bxf7+ Kh8 34. Bxe8 Qxe8 35. Qe2 Kg8 36. Qxe8+ Bxe8 37. b3 Nd2 38. Re1 Kf7 39. b4 1-0

[Event "BUL-ch"]
[Site "Dupnitsa"]
[Date "1998.??.??"]
[Round "2"]
[White "Todorov, Todor"]
[Black "Stavrev, Nikolai"]
[Result "1-0"]
[WhiteElo "2405"]
[BlackElo "2310"]
[PlyCount "57"]
[EventDate "1998.06.??"]
[EventType "tourn"]
[EventRounds "13"]
[EventCountry "BUL"]
[EventCategory "5"]
[SourceTitle "EXT 1999"]
[Source "ChessBase"]
[SourceDate "1998.11.16"]
[SourceVersion "1"]
[SourceVersionDate "1998.11.16"]
[SourceQuality "1"]

1. e4 c5 2. Nf3 d6 3. Bb5+ Bd7 4. Bxd7+ Qxd7 5. c4 Nf6 6. Nc3 Nc6 7. 0-0 g6 8. d3 Bg7 9. Rb1 0-0 10. a3 Ne8 11. Be3 Nc7 12. d4 cxd4 13. Nxd4 Rfc8 14. b3 Nxd4 15. Bxd4 Bxd4 16. Qxd4 b5 17. f4 bxc4 18. bxc4 Ne6 19. Qd5 Qc6 20. f5 Nd8 21. Qd2 Qc5+ 22. Kh1 Qe5 23. f6 exf6 24. Nd5 Kg7 25. Nxf6 Rxc4 26. Ng4 Qh5 27. Qb2+ Kf8 28. Qh8+ Ke7 29. Nf6 1-0